What is satire? (Record no. 143604)

MARC details
000 -LEADER
fixed length control field 01251cgm a2200229 a 4500
001 - CONTROL NUMBER
control field vtls003228569
003 - CONTROL NUMBER IDENTIFIER
control field MY-SjTCS
005 - DATE AND TIME OF LATEST TRANSACTION
control field 20200226115126.0
007 - PHYSICAL DESCRIPTION FIXED FIELD--GENERAL INFORMATION
fixed length control field vd cvairu
008 - FIXED-LENGTH DATA ELEMENTS--GENERAL INFORMATION
fixed length control field 111223s2006 at 031 000 vueng d
039 #9 - LEVEL OF BIBLIOGRAPHIC CONTROL AND CODING DETAIL [OBSOLETE]
Level of rules in bibliographic description 201203211652
Level of effort used to assign nonsubject heading access points shuhada
Level of effort used to assign subject headings 201203211650
Level of effort used to assign classification shuhada
Level of effort used to assign subject headings 201203211459
Level of effort used to assign classification shuhada
Level of effort used to assign subject headings 201203211456
Level of effort used to assign classification shuhada
-- 201112231556
-- malathy
082 04 - DEWEY DECIMAL CLASSIFICATION NUMBER
Classification number 808.87
Item number WHA 2006
245 00 - TITLE STATEMENT
Title What is satire?
Medium [videorecording].
260 ## - PUBLICATION, DISTRIBUTION, ETC.
Place of publication, distribution, etc. South Fremantle, Western Australia :
Name of publisher, distributor, etc. Contemporary Arts Media,
Date of publication, distribution, etc. [2006].
300 ## - PHYSICAL DESCRIPTION
Extent 1 videodisc (31 min.) :
Other physical details sd., col. ;
Dimensions 4 3/4 in.
500 ## - GENERAL NOTE
General note "Contemporary arts media educating imagination"--Container.
520 ## - SUMMARY, ETC.
Summary, etc. Students review traditional targets for satire - pompous, domineering and hypocritical people ; social, political and religious institutions - and traditional uses of satire - to amuse, criticise or persuade with varying degrees of subtlety. Songs, essays, poems and works of fiction drawn from many periods illuminate the origins, development and results of this genre. Satirists such as Swift, Shaw, Woody Allen and Dorothy Parker are presented.
538 ## - SYSTEM DETAILS NOTE
System details note DVD.
650 #0 - SUBJECT ADDED ENTRY--TOPICAL TERM
Topical term or geographic name entry element Satire.
9 (RLIN) 23295
710 2# - ADDED ENTRY--CORPORATE NAME
Corporate name or jurisdiction name as entry element Contemporary Arts Media (Firm)
9 (RLIN) 37361
920 ## - Programme
Programme GENLS : 178310
Holdings
Withdrawn status Lost status Source of classification or shelving scheme Damaged status Not for loan Home library Current library Date acquired Cost, normal purchase price Serial Enumeration / chronology Total Checkouts Barcode Date last seen Copy number Cost, replacement price Koha item type Public note
    Dewey Decimal Classification     Taylor's Library-TU Taylor's Library-TU 29/12/2011 600.00 DVD   1000526746 05/12/2019 1 600.00 Media Resources GENLS,GENLS,02,GR